Olympique Lyonnais Squad 2022-2023 - Statistics

General Stats
  • This quiz has been taken 187 times
  • The average score is 20 of 30
Answer Stats
# Position Nation Player % Correct
1 GK Portugal Anthony Lopes
100%
3 DF Argentina Nicolás Tagliafico
96%
10 FW France Alexandre Lacazette
90%
5 DF Croatia Dejan Lovren
89%
7 FW Cameroon Karl Toko Ekambi
87%
6 MF France Maxence Caqueret
87%
8 MF Algeria Houssem Aouar
85%
2 DF Ivory Coast Sinaly Diomandé
83%
88 MF France Corentin Tolisso
80%
17 DF Germany Jérôme Boateng
77%
4 DF France Castello Lukeba
76%
7 FW Sweden Amin Sarr
75%
9 FW France Moussa Dembélé
75%
- Coach France Laurent Blanc
72%
18 MF France Rayan Cherki
71%
47 FW Brazil Jeffinho
70%
23 MF Brazil Thiago Mendes
66%
26 FW France Bradley Barcola
65%
- Coach Netherlands Peter Bosz
65%
27 DF France Malo Gusto
64%
20 DF France Saël Kumbedi
63%
24 MF France Johann Lepenant
60%
35 GK France Rémy Riou
55%
11 FW Brazil Tetê
46%
21 DF France Damien Da Silva
39%
32 MF France Mohamed El Arouch
39%
40 GK France Kayne Bonnevie
35%
15 MF France Romain Faivre
33%
22 MF France Jeff Reine-Adélaïde
31%
12 DF Brazil Henrique Silva
25%
No matching quizzes found
Score Distribution
Percent of People with Each Score
Percentile by Number Answered
Your Score History
You have not taken this quiz